000 02377cam a2200505 i 4500
001 17977838
003 OSt
005 20231009132228.0
008 131220s2014 nyuab 000 0deng
010 _a 2013048438
020 _a9781914198502
020 _a9780062309969 (paperback)
020 _a006230996X (paperback)
040 _aDLC
_beng
_cDLC
_erda
_dDLC
042 _apcc
043 _an-us-mn
_an-cn-on
050 0 0 _aE99.C6
_bE63 2014
082 0 0 _a971.3
_bERD/B
084 _aBIO026000
_aTRV026090
_aTRV010000
_2bisacsh
100 1 _aErdrich, Louise
_99714
245 1 0 _aBooks and islands in Ojibwe country :
_btraveling through the land of my ancestors /
_cLouise Erdrich.
250 _aFirst Harper Perennial edition
264 1 _aNew York :
_bHarper Perennial,
_c2014.
300 _a151 pages :
_billustrations, map ;
_c21 cm
336 _atext
_2rdacontent
337 _aunmediated
_2rdamedia
338 _avolume
_2rdacarrier
500 _a"A hardcover edition of this book was published in 2003 by the National Geographic Society"--Title page verso.
505 0 _aBooks and Islands -- Islands -- Rock Paintings -- Books -- Home -- Afterword.
520 2 _a"An account of Louise Erdrich's trip through the lakes and islands of southern Ontario with her 18-month old baby and the baby's father, an Ojibwe spiritual leader and guide"--
_cProvided by publisher.
600 1 0 _aErdrich, Louise
_xTravel
_zLake of the Woods Region.
600 1 0 _aErdrich, Louise
_xFamily.
650 0 _aOjibwa Indians
_zLake of the Woods Region.
650 0 _aIslands
_zLake of the Woods Region.
650 7 _aBIOGRAPHY & AUTOBIOGRAPHY / Personal Memoirs.
_2bisacsh
650 7 _aTRAVEL / Special Interest / Literary.
_2bisacsh
650 7 _aTRAVEL / Essays & Travelogues.
_2bisacsh
651 0 _aLake of the Woods
_xDescription and travel.
651 0 _aLake of the Woods Region
_xDescription and travel.
651 0 _aLake of the Woods Region
_xSocial life and customs.
856 4 2 _3Cover image
_uwww.harpercollins.com/harperimages/isbn/tiff/9/9780062309969.tif
906 _a7
_bcbc
_corignew
_d1
_eecip
_f20
_gy-gencatlg
942 _2ddc
_cBK
_h971.3
_iERD/L
_k971.3
_mERD/L
999 _c42598
_d42598